| 000 | 00992nam a22002777a 4500 | ||
|---|---|---|---|
| 001 | 4797 | ||
| 003 | FISKH | ||
| 005 | 20241014135354.0 | ||
| 008 | 241014b cb ||||| |||| 00| 0 eng d | ||
| 020 | _a9780439419017 | ||
| 040 |
_aFISKH _beng _cFISKH _dFISKH |
||
| 050 | _aPZ7.J6478 | ||
| 082 | _a813 | ||
| 100 | _aJohnston, Tony | ||
| 245 |
_aAny Small Goodness : _bA novel of the barrio / _cby Tony Johnston : illustrated by Raul Colon |
||
| 260 |
_aNew York : _bScholastic ; _c2001 . |
||
| 300 |
_a128 pages : _billustrations ; _c20 cm . |
||
| 505 | _aO | ||
| 520 | _aArturo and his family and friends share all kinds of experiences living in the barrio of East Los Angeles--reclaiming their names, playing basketball, championing the school librarian, and even starting their own gang. | ||
| 521 | 8 |
_a600
_bLexile |
|
| 521 | 8 |
_aO
_bRaz-Plus |
|
| 650 |
_amulticultural _vfiction |
||
| 700 |
_aColon, Raul _eillustrator |
||
| 942 |
_2ddc _cBK _n0 |
||
| 999 |
_c4797 _d4797 |
||